Auditoría de gestión y plan de mejoras aplicados a los procesos del departamento de contabilidad de la empresa de Etiquetado Adhesivo y Textil Etigraf. (Registro nro. 48578)
[ vista simple ]
| 000 -CABECERA | |
|---|---|
| Campo de control interno | nam a22 7a 4500 |
| 005 - FECHA Y HORA DE LA CATALOGACION | |
| Campo de control | 20230331142625.0 |
| 008 - ELEMENTOS DE LONGITUD FIJA - INFORMACION | |
| Elementos de Longitud Fija - Informaci | 200420b xxu||||| |||| 00| 0 eng d |
| 040 ## - ORIGEN DE LA CATALOGACION | |
| Origen de la Catalogación | ANE |
| 041 ## - CODIGO DE LENGUAJE | |
| Código de lenguaje del texto | Es |
| 100 ## - AUTOR PERSONAL | |
| Autor Personal | Granda Navarro,Jefferson Santiago |
| 245 ## - TÍTULO GENERAL | |
| Título | Auditoría de gestión y plan de mejoras aplicados a los procesos del departamento de contabilidad de la empresa de Etiquetado Adhesivo y Textil Etigraf. |
| 260 ## - EDITORIAL | |
| Ciudad | Quito |
| Fecha | 2016 |
| 300 ## - DESCRIPCION | |
| Número de páginas | 191 p. |
| 650 ## - DESCRIPTORES - TEMAS | |
| Temas - Descriptores | Auditorìa |
| 650 ## - DESCRIPTORES - TEMAS | |
| Temas - Descriptores | Gestiòn |
| 650 ## - DESCRIPTORES - TEMAS | |
| Temas - Descriptores | Procesos |
| 650 ## - DESCRIPTORES - TEMAS | |
| Temas - Descriptores | Contabilidad |
| 650 ## - DESCRIPTORES - TEMAS | |
| Temas - Descriptores | Empresa |
| 650 ## - DESCRIPTORES - TEMAS | |
| Temas - Descriptores | Planificación |
| 650 ## - DESCRIPTORES - TEMAS | |
| Temas - Descriptores | Evaluación |
| 856 ## - URL - Ubicaci | |
| URI/URL | http://documentacion.asambleanacional.gob.ec/alfresco/d/d/workspace/SpacesStore/748255c6-f809-4669-a48d-76928c001f68/TESIS%20AUDITORIA%20DE%20GESTI%c3%92N%20Y%20PLAN%20DE%20MEJORAS.pdf |
| 942 ## - ELEMENTOS DE KOHA | |
| Esquema de Clasificaci | |
| Tipo de Documento | Biblioteca Virtual |
| Catalogador | Nr. |
| Withdrawn status | Lost status | Fuente de Clasificaci | Damaged status | Not for loan | Ubicaci | Biblioteca | Fecha de Adquisición | Vía de adquisición | Signatura Topogr | Código de barras | Date last seen | Price effective from | Tipo de Item |
|---|---|---|---|---|---|---|---|---|---|---|---|---|---|
| Biblioteca Asamblea Nacional | Biblioteca Asamblea Nacional | 2020-04-20 | Donación | TESIS | 0422 | 2020-04-20 | 2020-04-20 | Biblioteca Virtual |